000 00909nam a2200277 a 4500
001 BRCA_5337
005 20190320205034.0
008 061210s1907----nyua######---#000-0#eng-#
041 _aeng
044 _anyu
050 4 _aND804
_b.O43 1907
245 1 0 _aOld spanish masters
_bengraved by Timothy Cole
_cwith historical notes by Charles H. Caffin and commnents by the engraver.
260 _aNueva York
_bThe Century
_c1907
300 _aix, 175 p.
_bil., 31 láminas
_c28 cm.
500 _aIncluye índice de ilustraciones
500 _aEdición con cantos dorados
500 _aEstado físico: Encuadernación desprendida
500 _aE100
600 1 4 _aCole, Timothy
_d1852-1931
_913686
650 1 4 _aPinturas españolas
_97789
650 1 4 _aPintura
_zEspaña
_92581
650 1 4 _aPintura
_xHistoria
_913687
700 1 _aCaffin, Charles Henry
_d1854-1918
_913688
902 _aGFM
942 _2lcc
_cB
999 _c5031
_d5031